|
|
|
|
| LEADER |
00000cam a2200000 a 4500 |
| 001 |
vtls010462306 |
| 003 |
SK-MaSNL |
| 005 |
20260301132904.0 |
| 008 |
240314s2012 xo a 000 0 slo |
| 015 |
|
|
|a SNBE2013
|
| 020 |
|
|
|a 9788097095444
|q (hrebeňová väzba)
|
| 040 |
|
|
|a SNK
|b slo
|c SNK
|e AACR2
|
| 041 |
0 |
|
|a slo
|
| 043 |
|
|
|a e-xo---
|
| 044 |
|
|
|a xo
|c SK
|
| 072 |
|
7 |
|a 811.162.4
|x Slovenčina
|2 konspekt
|
| 080 |
|
|
|a 811.162.4'282
|2 2001
|
| 080 |
|
|
|a (437.6)
|2 2001
|
| 080 |
|
|
|a 81'282
|2 2001
|
| 100 |
1 |
|
|a Ružan, Pavol,
|d 1922-
|4 aut
|9 134490
|
| 245 |
1 |
0 |
|a Zemplínčina v rodine slovenských nárečí
|c Pavol Ružan ; [obálku ilustr. Etela Krištofová]
|
| 250 |
|
|
|a [1. vyd.]
|
| 260 |
|
|
|a Trebišov
|b Zemplínska knižnica v Trebišove
|c 2012
|
| 300 |
|
|
|a 41 s.
|b ilustr.
|c 21 cm
|
| 500 |
|
|
|a Hrebeňová väzba
|
| 504 |
|
|
|a Bibliog. odkazy
|
| 650 |
0 |
7 |
|a slovenčina
|2 SNKPH
|9 1350
|
| 650 |
0 |
7 |
|a dialekty
|2 SNKPH
|9 19030
|
| 650 |
0 |
7 |
|a Slovak language
|2 SNKPHeng
|9 266031
|
| 650 |
0 |
7 |
|a Dialects
|2 SNKPHeng
|9 277811
|
| 651 |
|
7 |
|a Zemplín (Slovensko : región)
|2 SNKPH
|9 16697
|
| 651 |
|
7 |
|a Zemplín (Slovakia : region)
|2 SNKPHeng
|9 169051
|
| 655 |
|
7 |
|a informačné publikácie
|2 SNKPH
|9 70181
|
| 655 |
|
7 |
|a Information publications
|2 SNKPHeng
|9 265188
|
| 700 |
1 |
|
|a Krištofová, Etela
|4 ill
|9 426250
|
| 710 |
2 |
|
|a Zemplínska knižnica v Trebišove
|4 pbl
|9 145766
|
| 919 |
|
|
|a 978-80-970954-4-4
|
| 958 |
|
|
|a NB
|
| 999 |
|
|
|c 752249
|d 754179
|
| 952 |
|
|
|a SNK
|b SNK
|y VYP
|7 0
|p 17A1136659
|o snkOSC 26397 D1
|i snk2015/4515
|8 0
|0 0
|1 0
|4 0
|d 2015-02-09
|l 0
|r 2026-02-23 23:36:46
|w 2026-02-23
|
| 952 |
|
|
|a SNK
|b SNK
|y PREZ
|7 0
|p 17A1062569
|o snkOSC 26397
|i snk2013/3214
|8 0
|0 0
|1 0
|4 0
|d 2013-02-11
|l 0
|r 2026-02-23 23:36:46
|w 2026-02-23
|